000 00836nas a2200289 4500
001 BR0501826
003 BR-BrBNA
005 20231205105228.0
007 ta
008 230509b bl.|||p| |||| 00| 00por d
040 _aBR-BrBNA
_bpor
_cBiblioteca Nacional de Agricultura
041 _a(Pt)
072 _aF63
100 1 _aMoura, C. de O.
100 1 _aAbsy, M.L.
100 1 _aSantos, F. de A.R. dos
100 1 _aSouza, A.C.M.
245 1 _aMorfologia polínica de espécies de várzea e de igapó da Amazônia Central
650 _aPÓLEN
650 _aGRÃO
650 _aMORFOLOGIA VEGETAL
650 _aVÁRZEA
650 _aPOLINIZAÇÃO
773 0 _tActa Amazônica (Brazil)
_xISSN 0044-5967
_g(Jan-Mar 2004), v. 34(1) p. 15-19
_wBR0501826
909 _a202311
_bLúcia
_c55
_dLúcia Elande
942 _2AGRIS
_n0
_cANA
999 _c181881
_d181881